| 000 | 00694nam a2200193Ii 4500 | ||
|---|---|---|---|
| 003 | JO-AjNU | ||
| 008 | 230605s9999||||xx |||||||||||||| ||und|| | ||
| 040 |
_aJO-AjNU _bara _erda _cJO-AjNU |
||
| 041 | _aara | ||
| 050 | 1 | 4 | _aLB1025.2.K42 1986 |
| 100 | 3 |
_aخضر،فخري رشيد مؤلف/موسى،محمود أحمد م.مشارك/نبراي،يوسف إبراهيم م.مشارك, _eauthor _98870 |
|
| 245 | 0 | 0 | _aمدخل إلى أصول التربية |
| 264 | 3 | 1 | _aالكويت:مكتبة الفلاح،1986 |
| 300 | _a178ص | ||
| 336 |
_atext _btxt _2rdacontent |
||
| 337 |
_aunmediated _bn _2rdamedia |
||
| 338 |
_avolume _bnc _2rdacarrier |
||
| 650 | 4 |
_a التعليم-فلسفة _98871 |
|
| 999 |
_aA1009 _c4577 _d4577 |
||